00422nam a2200169Ia 4500003000400000005001700004008004100021020001400062040000700076041000800083082001800091100002500109245005700134260003600191300001200227365001300239OSt20230329092503.0210423s2006 xx 000 0 und d a761935126 cAL aeng a303.4833 SRIS aSRINIVASA (Srinath). aPower law of information: life in a connected world. aNew DelhibResponse Booksc2006 a184bPB b295cINR